Oceanía / (Record no. 76697)

MARC details
000 -LEADER
campo de control de longitud fija 00612nam a2200193 i 4500
001 - NÚMERO DE CONTROL
campo de control 76697
003 - IDENTIFICADOR DE NÚMERO DE CONTROL
campo de control ES-MaACL
007 - CAMPO FIJO DE DESCRIPCIÓN FÍSICA--INFORMACIÓN GENERAL
campo de control de longitud fija t|
008 - DATOS DE LONGITUD FIJA--INFORMACIÓN GENERAL
campo de control de longitud fija 041004s1963 sp ||||1| spa d
100 1# - ENTRADA PRINCIPAL--NOMBRE DE PERSONA
Nombre de persona Guiart, Jean.
9 (RLIN) 60630
245 10 - MENCIÓN DEL TÍTULO
Título Oceanía /
Mención de responsabilidad, etc. Jean Guiart ; traducción de Arturo del Hoyo.
260 ## - PUBLICACIÓN, DISTRIBUCIÓN, ETC.
Lugar de publicación, distribución, etc. [Madrid] :
Nombre del editor, distribuidor, etc. Aguilar ;
Lugar de publicación, distribución, etc. [Bilbao :
Nombre del editor, distribuidor, etc. Grijelmo,
Fecha de publicación, distribución, etc. 1963]
300 ## - DESCRIPCIÓN FÍSICA
Extensión 462 p., 99 lám. ;
Dimensiones 28 cm.
490 1# - MENCIÓN DE SERIE
Mención de serie El universo de las formas
700 1# - ENTRADA AGREGADA--NOMBRE PERSONAL
Nombre de persona Hoyo, Arturo del,
Fechas asociadas al nombre 1917-2004
9 (RLIN) 64424
830 0# - PUNTO DE ACCESO ADICIONAL DE SERIE-TÍTULO UNIFORME
Título uniforme El universo de las formas
9 (RLIN) 181490
852 ## - LOCALIZACIÓN
Ubicación ES-MaACL
Número de control de estantería E-6953
Sublocalización o colección R.51282
Holdings
Estatus retirado Estado de pérdida Estado de daño No para préstamo Biblioteca de origen Biblioteca actual Ubicación en estantería Fecha de adquisición Fuente de adquisición Total de préstamos Signatura topográfica completa Código de barras Visto por última vez Precio de reemplazo Tipo de ítem Koha
        Biblioteca del Ateneo de Madrid Biblioteca del Ateneo de Madrid Depósito 2 17/01/2008     E-6953 1080254 23/02/2023 23/02/2023 Libro impreso